Pickhan, Gertrud, 1956-. "Gegen den Strom". - Stuttgart [u.a.] : Dt. Verl.-Anst.. - 2001 [Rezension]
| Titel: | Pickhan, Gertrud, 1956-. "Gegen den Strom". - Stuttgart [u.a.] : Dt. Verl.-Anst.. - 2001 [Rezension] |
|---|---|
| Verfasser: | |
| In: |
Judaica, Band 59 (2003), Seite 154 alle Artikel anzeigen |
| Veröffentlicht: | 2003 |
| Format: | Aufsatz |
| Sprache: | Deutsch |
X
alg: 39494395
001A $01999:12-11-16
001B $01999:04-08-21 $t20:59:59.000
001C $06050:23-02-17 $t16:44:28.000
001D $01999:12-11-16
001U $0utf8
001X $00
002@ $0Aox
003@ $0394943953
007A $0394943953 $aHEB
007T $0Herdd01098
010@ $ager
011@ $a2003
021A $aPickhan, Gertrud, 1956-. "Gegen den Strom". - Stuttgart {[u.a.] : Dt. Verl.-Anst.. - 2001 [Rezension]
028A $aKessler $dKatrin
031A $d59 $h154 $j2003
039B $aIn $8--Abvc--. Judaica. - Zürich : Zürcher Institut für Interreligiösen Dialog (ZIID), 1945-[2018]. - ISSN 0022-572X $x200300000590000846 $9047669764
039T $8--Aau--Pickhan, Gertrud$Z1956- [Tp1]. "Gegen den Strom". - Stuttgart {[u.a.] : Dt. Verl.-Anst., 2001. - 445 S.. - ISBN 3-421-05477-0 $9096052090
045F $a900.9438 $eDDC23BSB
045F/01 $a900
045F/03 $g438
045T $a7,7 $a1 $a0
045T $aJUDAICA $qDE-30 $2FID
lok: 39494395 78
exp: 39494395 78 1 #EPN
201B/01 $018-11-16 $t13:13:23.000
201U/01 $0utf8
203@/01 $0791242536
208@/01 $a12-11-16 $be
209A/01 $a/ $f000 $x00
220C/01 $aTitelaufnehmer: dt
244Z/01 $2Trx $#Poola $#Lenkija $#Polija $#Polen Land $#Poland $#Lengyelország $#Poľsko $#Polsko $8--Trx--Polska$gkraj $x01 $9391345966
244Z/01 $2Trx $#arvustused $#recenzijos $#Reviews $#recenziók $#recenzje $#recenzie $#recenze $8--Trx--Rezensionen $x02 $9391357441
247C/01 $82080>Marburg/Lahn, Herder-Institut, Forschungsbibliothek, Bibliographieportal $9336309341
| LEADER | 00000caa a22000002c 4500 | ||
|---|---|---|---|
| 001 | 394943953 | ||
| 003 | DE-603 | ||
| 005 | 20210804205959.0 | ||
| 007 | tu | ||
| 008 | 161112s2003 xx |||| | u00||u|ger c | ||
| 035 | |a (DE-599)HEB394943953 | ||
| 040 | |a DE-603 |b ger |c DE-603 |d DE-603 | ||
| 041 | |a ger | ||
| 082 | 0 | 4 | |8 1\u |a 900.9438 |q DE-101 |2 23/BSB |
| 084 | |a 7,7 |a 1 |a 0 |2 ssgn | ||
| 084 | |a JUDAICA |q DE-30 |2 fid | ||
| 085 | |8 1\u |b 900 | ||
| 085 | |8 1\u |z 2 |s 438 | ||
| 100 | 1 | |a Kessler, Katrin | |
| 245 | 0 | 0 | |a Pickhan, Gertrud, 1956-. "Gegen den Strom". - Stuttgart [u.a.] : Dt. Verl.-Anst.. - 2001 [Rezension] |
| 264 | 0 | |c 2003 | |
| 773 | 0 | 8 | |i In |t Judaica |d Zürich : Zürcher Institut für Interreligiösen Dialog (ZIID), 1945-[2018] |x 0022-572X |g Band 59 (2003), Seite 154 |w (DE-603)047669764 |w (DE-600)501373-2 |
| 787 | 0 | 8 | |i Rezension von |a Pickhan, Gertrud, 1956- |t "Gegen den Strom" |d Stuttgart [u.a.] : Dt. Verl.-Anst., 2001 |h 445 S., 22 cm |z 3421054770 |w (DE-603)096052090 |
| 924 | 0 | |9 2080 |a (DE-603)791242536 |b DE-2080 |c HES |d d |g / | |


